Science Quiz

Random Science or Clickable Quiz
Score 0/40 Timer 01:30
4 Plays Today
% Correct
Buffalo
92.8%
Elephant
92.7%
Cow
92.3%
Horse
91.9%
Fox
91.5%
Lion
91%
Giraffe
90.8%
Hippopotamus
90.8%
Leopard
90.7%
Hyena
89.1%
Pig
89%
Crocodile
88.7%
Reindeer
87.4%
Polar Bear
87.2%
Rhinoceros
86.7%
Raccoon
86.6%
Anteater
86.4%
Ferret
86.2%
Aardvark
85.8%
Dingo
84.7%
% Correct
Porcupine
84.5%
Komodo Dragon
83.6%
Sheep
83.5%
Possum
83.4%
Iguana
81.9%
Chameleon
80.4%
Mole
79.9%
Zebra
76.7%
Squirrel
76.6%
Tortoise
76.2%
Gecko
75.7%
Frog
72.5%
Tasmanian Devil
68%
Salamander
67.9%
Ibex
62.6%
Okapi
50.9%
Axolotl
37.8%
Thorny Devil
32.6%
Fossa
27.4%
Dhole
25.2%
Remove Ads.
Support Sporcle.
Get the best of Sporcle when you Go Orange. This ad-free experience offers more features, more stats, and more fun while also helping to support Sporcle. Thank you for becoming a member.

You're not logged in!

Compare scores with friends on all Sporcle quizzes.
OR
Log In

Show Comments

Extras

Top Quizzes Today


Score Distribution

Your Account Isn't Verified!

In order to create a playlist on Sporcle, you need to verify the email address you used during registration. Go to your Sporcle Settings to finish the process.

Report this User

Report this user for behavior that violates our Community Guidelines.

Details: